000 00990nam a2200265 a 4500
005 20090826160520.0
008 940713s1994 vauab b 001 0 eng
010 _aENG-94914
020 _a9789380096056
_c770.00
035 _aEN-78447
037 _bDBAD / PUB
040 _adpl
_bEnglish
082 _a954.01
245 _aAncient India :
_b(upto 1200 A.D.) /
_cedited by Shailesh Chandra
260 _aNew Delhi
_bAlfa Publications
_c2009
270 _a4398/5, Ansari Road, Daryaganj
_bNew Delhi
_e110002
300 _avi, 304p.
_c23cm(Hb)
500 _aIncludes bibliographical references (p. 161-165) and index.
651 _aIndia
_xAntiquities.
651 _aIndia
_xCivilization
_yTo 1200.
700 _aChandra, Shailesh
710 _aTime-Life Books.
942 _2ddc
_cEN
_h954.01
_mLIB
999 _c29666
_d29666